| 000 | 00691nam a2200229Ia 4500 | ||
|---|---|---|---|
| 008 | 160319s9999 xx 000 0 und d | ||
| 020 | _a971-93317-12-1 | ||
| 050 | _aFIL PE 1112.3 | ||
| 050 | _b.A93 2006 .c1 | ||
| 100 | _aAvalos, Adelaida G. | ||
| 245 | _aFrom grammar to fluency in 30 days / | ||
| 245 | _cAdelaida G. Avalos, Reinaldo L. Avalos. | ||
| 260 | _aLaguna: | ||
| 260 | _bFPR Pub. | ||
| 260 | _c2006 | ||
| 300 | _a308 pages : | ||
| 300 | _billustrations ; | ||
| 300 | _c27 cm. | ||
| 500 | _aIncludes bibliographical references. | ||
| 650 | _aEnglish language -- Grammar -- Self-instruction. | ||
| 650 | _xEnglish language -- Grammar -- Problems, exercises, etc. | ||
| 999 |
_c291724 _d291724 |
||